Os 10 Países Mais Populosos Do Mundo - Statistics

Estatísticas Gerais
  • Esse quiz foi jogado 152 vezes
  • A pontuação média é 8 de 10
Estatísticas das Respostas
População País % Correto
341 milhões Estados Unidos
100%
217 milhões Brasil
99%
1,44 Bilhão Índia
99%
1.42 Bilhão China
98%
143 milhões Rússia
93%
279 milhões Indonesia
73%
229 milhões Nigéria
68%
245 milhões Paquistão
60%
174 milhões Bangladesh
55%
129 milhões Etiópia
26%
Nenhum quiz correspondente encontrado
Distribuição das Pontuações
Porcentagem de Pessoas com Cada Pontuação
Percentil de Números Respondidos
Sua Pontuação Histórica
Você não jogou esse quiz